[Event "Prague ProMoPro op"]
[Site "Prague"]
[Date "2002.09.12"]
[Round "6.26"]
[White "Tolar, Vladislav"]
[Black "Janota, Jiri"]
[Result "1/2-1/2"]
[WhiteElo "1694"]
[BlackElo "1574"]
[PlyCount "141"]
[EventDate "2002.09.07"]
[EventType "swiss"]
[EventRounds "9"]
[EventCountry "CZE"]
[SourceTitle "EXT 2003"]
[Source "ChessBase"]
[SourceDate "2002.11.25"]
[SourceVersion "1"]
[SourceVersionDate "2002.11.25"]
[SourceQuality "1"]

1. d4 e6 2. c4 d5 3. Nc3 c6 4. e3 dxc4 5. Bxc4 b5 6. Bb3 a6 7. Nf3 Bb7 8. 0-0 Nf6 9. Bd2 c5 10. dxc5 Bxc5 11. Rc1 Qb6 12. Bc2 0-0 13. Ng5 Nbd7 14. Nge4 Be7 15. Nxf6+ Nxf6 16. e4 Rfd8 17. Qe2 h6 18. e5 Ne8 19. Be3 Qc7 20. f4 Rd7 21. Be4 Bxe4 22. Nxe4 Qb7 23. Ng3 Rad8 24. f5 Bg5 25. fxe6 Bxe3+ 26. Qxe3 fxe6 27. Rf2 Rd1+ 28. Rxd1 Rxd1+ 29. Rf1 Qd5 30. Rxd1 Qxd1+ 31. Nf1 Qd5 32. b3 b4 33. Kf2 Nc7 34. Nd2 Nb5 35. Nc4 Nc3 36. Qb6 Nxa2 37. Qxa6 Nc1 38. Qc8+ Kh7 39. Ne3 Nd3+ 40. Ke2 Qxb3 41. Qc4 Qxc4 42. Nxc4 Nf4+ 43. Kf3 g5 44. h4 Kg6 45. g4 h5 46. hxg5 Kxg5 47. gxh5 Nxh5 48. Ke4 Ng3+ 49. Kd3 Nf5 50. Ke4 Kg4 51. Nd6 b3 52. Kd3 Kf4 53. Nc4 Ne7 54. Kc3 Nc6 55. Kxb3 Ke4 56. Kc3 Nxe5 57. Na5 Nf3 58. Nb3 Kf4 59. Kd3 Ng1 60. Kd2 e5 61. Ke1 e4 62. Kf2 Nh3+ 63. Ke2 e3 64. Nc1 Ke4 65. Ke1 Nf4 66. Kf1 Kf3 67. Ke1 Ne6 68. Nb3 Ke4 69. Nc1 Nd4 70. Kf1 Kf3 71. Ke1 1/2-1/2